Lanean...

DHARAYASODHARA

Xehetasun bibliografikoak
Formatua: Printed Book
Argitaratua: SATARA CAITANYA PRESS
Gaiak:
LEADER 00367nam a2200169 4500
020
082
100
245 |a DHARAYASODHARA  |h SANSKRIT 
250
260 |a SATARA  |b CAITANYA PRESS 
300 |f PB 
650 |a DHARAYASODHARA 
700
942 |c BK 
999 |c 159959  |d 159959 
952 |0 0  |1 0  |4 0  |7 0  |9 173416  |a ORI  |b ORI  |l 0  |p ORIS1739  |r 2019-10-25  |w 2019-10-25  |y BK